|
|
|
|
| LEADER |
00000nam a2200000 a 4500 |
| 001 |
vtls001418791 |
| 003 |
SK-MaSNL |
| 005 |
20260301012725.0 |
| 008 |
251113s2001 xo ap r yy slo |
| 015 |
|
|
|a SNBA2002/03-00859
|
| 020 |
|
|
|a 8022714887
|
| 035 |
|
|
|a SNK000373596
|
| 035 |
|
|
|a urn:nbn:sk:snk-amkn8p
|
| 035 |
|
|
|a urn:nbn:sk:snk-am003bpc
|
| 035 |
|
|
|a 850BFEFD-AB07-4E03-9EBC-C6015C1FF15E
|
| 040 |
|
|
|a SNK
|b slo
|c SNK
|e AACR2
|
| 041 |
0 |
|
|a slo
|
| 044 |
|
|
|a xo
|c SK
|
| 080 |
|
|
|a 371.3:378
|2 1981
|
| 080 |
|
|
|a 378
|2 1981
|
| 100 |
1 |
|
|a Kundrátová, Mariana
|4 aut
|9 23702
|
| 245 |
1 |
0 |
|a Kapitoly z inžinierskej pedagogiky
|b výučbové ciele
|c Mariana Kundrátová, Ivan Turek
|
| 260 |
|
|
|a Bratislava
|b Slovenská technická univerzita
|c 2001
|
| 300 |
|
|
|a 95 s.
|b tab.
|c 25 cm
|
| 490 |
1 |
|
|a Edícia monografií
|
| 500 |
|
|
|a 200 výt.
|
| 504 |
|
|
|a Bibliogr. s. 93-95
|
| 650 |
0 |
7 |
|a vyučovanie
|x ciele
|x školy vysoké
|x monografie
|2 SNK
|9 298224
|
| 655 |
|
7 |
|a príručky
|2 SNK
|9 74364
|
| 700 |
1 |
|
|a Turek, Ivan,
|d 1944-2016
|4 aut
|9 213793
|
| 810 |
2 |
|
|a Slovenská technická univerzita v Bratislave.
|b Materiálovotechnologická fakulta v Trnave
|t Edícia monografií
|9 228384
|
| 919 |
|
|
|a 80-227-1488-7
|
| 958 |
|
|
|a OND
|
| 958 |
|
|
|a TL
|
| 999 |
|
|
|c 554246
|d 556176
|
| 952 |
|
|
|t P60, <03>, [BOOK], {603}
|a SNK
|b SNK
|y PREZ
|7 0
|p 17A0312022
|o snkSC 105743
|i snkKSP 9877/2001
|0 0
|1 0
|4 0
|d 2001-08-20
|f 1
|l 0
|r 2025-09-26 00:00:00
|w 2026-02-23
|
| 952 |
|
|
|t P60, <04>, [BOOK], {604}
|a SNK
|b SNK
|y VYP
|7 0
|p 17A0312023
|o snkSC 105743 D1
|i snkKSP 9878/2001
|0 0
|1 0
|4 0
|d 2001-08-20
|l 0
|r 2005-01-02 00:00:00
|w 2026-02-23
|